Garcia's heart / Liam Durcan.
Available copies
- 1 of 1 copy available at LARL/NWRL Consortium.
Current holds
0 current holds with 1 total copy.
Show Only Available Copies
| Location | Call Number / Copy Notes | Barcode | Shelving Location | Status | Due Date |
|---|---|---|---|---|---|
| Crookston Public Library | DUR (Text) | 33500009484056 | Main | Available | - |
Record details
- ISBN: 9780312367084
- ISBN: 0312367082
- Physical Description: 296 p. ; 22 cm.
- Edition: 1st U.S. ed.
- Publisher: New York : Thomas Dunne Books, 2007.
Search for related items by subject
| Subject: | Neurologists > Fiction. Physicians > Fiction. War crime trials > Fiction. |
| Genre: | Psychological fiction. |
| LDR | 00964cam a22002898a 4500 | ||
|---|---|---|---|
| 001 | 84351 | ||
| 003 | LARL_NWRL_CONSORTIUM | ||
| 005 | 20070831185306.0 | ||
| 008 | 070829s2007 nyu 000 1 eng | ||
| 010 | . | ‡a2007035933 | |
| 020 | . | ‡a9780312367084 | |
| 020 | . | ‡a0312367082 | |
| 035 | . | ‡a(OCoLC)141386323 | |
| 040 | . | ‡aDLC ‡cDLC | |
| 082 | 0 | 0. | ‡a813/.6 ‡222 |
| 100 | 1 | . | ‡aDurcan, Liam. ‡0(LARL_NWRL_CONSORTIUM)193324 |
| 245 | 1 | 0. | ‡aGarcia's heart / ‡cLiam Durcan. |
| 250 | . | ‡a1st U.S. ed. | |
| 260 | . | ‡aNew York : ‡bThomas Dunne Books, ‡c2007. | |
| 300 | . | ‡a296 p. ; ‡c22 cm. | |
| 650 | 0. | ‡aNeurologists ‡vFiction. | |
| 650 | 0. | ‡aPhysicians ‡vFiction. ‡0(LARL_NWRL_CONSORTIUM)166575 | |
| 650 | 0. | ‡aWar crime trials ‡vFiction. | |
| 655 | 0. | ‡aPsychological fiction. | |
| 901 | . | ‡a84351 ‡bOCLC ‡c84351 ‡tbiblio | |

Add to basket
Permalink
Disable Highlighting